| 000 | 01147cam a2200337 a 4500 | ||
|---|---|---|---|
| 001 | 12897886 | ||
| 003 | OSt | ||
| 005 | 20260430113633.0 | ||
| 008 | 020816s2003 caua b 001 0 eng | ||
| 010 | _a 2002511525 | ||
| 020 | _a9788131704417 | ||
| 035 | _a12897886 | ||
| 040 |
_aDLC _cDLC _dDLC |
||
| 082 | 0 | 4 |
_a530.12 _bLIB |
| 100 | 1 |
_aLiboff, Richard L., _d1931-2014. _93794 |
|
| 245 | 1 | 0 |
_aIntroductory quantum mechanics / _cRichard L. Liboff. |
| 246 | 3 | 0 | _aQuantum mechanics |
| 250 | _a4/e | ||
| 260 |
_aNoida : _bPearson India Education Services Pvt. Ltd., _cc2006. |
||
| 300 |
_axvii, 878 p. : _bill. ; _c25 cm. |
||
| 336 |
_atext _btxt _2rdacontent |
||
| 337 |
_aunmediated _bn _2rdamedia |
||
| 338 |
_avolume _bnc _2rdacarrier |
||
| 504 | _aIncludes bibliographical references and index. | ||
| 650 | 0 |
_aQuantum theory. _9827 |
|
| 856 | 4 | 1 |
_3Table of contents _uhttp://www.loc.gov/catdir/toc/fy034/2002511525.html |
| 906 |
_a7 _bcbc _corigcop _d2 _encip _f20 _gy-gencatlg |
||
| 942 |
_2ddc _cBK |
||
| 999 |
_c1917 _d1917 |
||